| 000 | 00408nam a22001457a 4500 | ||
|---|---|---|---|
| 080 | _a34 (038) F 391 | ||
| 100 | _aFernández de León, Gonzalo | ||
| 245 | _aDiccionario Jurídico | ||
| 250 | _a2º edición. notablemente ampliada | ||
| 260 |
_aBuenos Aires _bEditorial Abece _c30248 |
||
| 500 | _aLa obra contiene cuatro tomos | ||
| 650 | _xdiccionario jurçidico | ||
| 945 |
_asa _d2015-08-28 |
||
| 999 |
_c4138 _d234642 |
||
| 942 | _6_ | ||